Forensic biometrics: challenges, innovation and opportunities

Forensic science has always benefited from the adoption and exploitation of novel technologies to perform and analyze measurements at a crime scene and in the laboratory. Modern information technologies boosted many forensic procedures, such as accelerating and automating the comparison of fingerpri...

Ausführliche Beschreibung

Gespeichert in:  
Bibliographische Detailangaben
VerfasserInnen: Nixon, Seth (Verfasst von) ; Ruiu, Pietro (Verfasst von) ; Trignano, Claudia (Verfasst von) ; Tistarelli, Massimo 1962- (Verfasst von)
Medienart: Druck Aufsatz
Sprache:Englisch
Veröffentlicht: 2024
In: Driving forensic innovation in the 21st century
Jahr: 2024, Seiten: 165-194
Verfügbarkeit prüfen: HBZ Gateway

MARC

LEADER 00000naa a2200000 c 4500
001 1939476798
003 DE-627
005 20251027110648.0
007 tu
008 251027s2024 xx ||||| 00| ||eng c
020 |a 9783031565557 
035 |a (DE-627)1939476798 
035 |a (DE-599)KXP1939476798 
040 |a DE-627  |b ger  |c DE-627  |e rda 
041 |a eng 
084 |a 2,1  |2 ssgn 
100 1 |a Nixon, Seth  |e VerfasserIn  |4 aut 
245 1 0 |a Forensic biometrics: challenges, innovation and opportunities  |c Seth Nixon, Pietro Ruiu, Claudia Trignano, and Massimo Tistarelli 
264 1 |c 2024 
300 |b Illustrationen 
336 |a Text  |b txt  |2 rdacontent 
337 |a ohne Hilfsmittel zu benutzen  |b n  |2 rdamedia 
338 |a Band  |b nc  |2 rdacarrier 
500 |a Literaturverzeichnis: Seite 189-194 
520 |a Forensic science has always benefited from the adoption and exploitation of novel technologies to perform and analyze measurements at a crime scene and in the laboratory. Modern information technologies boosted many forensic procedures, such as accelerating and automating the comparison of fingerprints and fingermarks, and, recently, the analysis and comparison of images from human faces. Moreover, the recent advent of fast and performant Machine Learning (often dubbed AI) models, greatly improved the applicability of automatic face recognition to operational scenarios. However, even though technology has enabled the development of such systems, there are several hindering factors which must be taken into account. In this chapter the technological, legal and societal factors potentially enabling and fostering the development and application of automatic face recognition in forensic procedures are described and discussed. Also, the current issues and main concerns, restricting the mass-adoption of automatic face recognition technologies in forensic cases are presented. This chapter attempts not only to document both enablers and roadblockers of forensic face recognition, but also provides some promising research avenues and suggestions for a better application of these technologies in today’s society. 
700 1 |a Ruiu, Pietro  |e VerfasserIn  |4 aut 
700 1 |a Trignano, Claudia  |e VerfasserIn  |4 aut 
700 1 |a Tistarelli, Massimo  |d 1962-  |e VerfasserIn  |0 (DE-588)138872899  |0 (DE-627)703136062  |0 (DE-576)309423953  |4 aut 
773 0 8 |i Enthalten in  |t Driving forensic innovation in the 21st century  |d Cham : Springer, 2024  |g (2024), Seite 165-194  |h xvii, 271 Seiten  |w (DE-627)190243322X  |z 9783031565557  |7 nnam 
773 1 8 |g year:2024  |g pages:165-194 
776 1 |o 10.1007/978-3-031-56556-4_8 
951 |a AR 
ELC |b 1 
LOK |0 000 xxxxxcx a22 zn 4500 
LOK |0 001 4791905547 
LOK |0 003 DE-627 
LOK |0 004 1939476798 
LOK |0 005 20251027110648 
LOK |0 008 251027||||||||||||||||ger||||||| 
LOK |0 040   |a DE-2619  |c DE-627  |d DE-2619 
LOK |0 092   |o n 
LOK |0 852   |a DE-2619 
LOK |0 852 1  |9 00 
LOK |0 939   |a 27-10-25  |b l01 
ORI |a SA-MARC-krimdoka001.raw